[Event "ODJM B 2024"]
[Site "Willingen GER"]
[Date "2024.05.19"]
[Round "1"]
[White "Törpel, Cedrik"]
[Black "Jähnert, Jamie Mares"]
[Result "1/2-1/2"]
[Termination "normal"]
[Board "13"]
[WhiteElo "1779"]
[BlackElo "1503"]
[WhiteClock "00:22:10"]
[BlackClock "00:28:37"]
[PlyCount "92"]
[WhiteFideId "34660380"]
[BlackFideId "34609156"]
[EventCountry "GER"]
[EventRounds "9"]
[EventType "swiss"]
[EventDate "2024.05.18"]

1. d4 {[%clk 01:30:58]} {[%emt 00:00:02]} d5 {[%clk 01:30:48]} {[%emt
00:00:13]} 2. c4 {[%clk 01:31:16]} {[%emt 00:00:12]} c6 {[%clk 01:31:12]}
{[%emt 00:00:06]} 3. Nf3 {[%clk 01:31:38]} {[%emt 00:00:07]} Nf6 {[%clk
01:31:34]} {[%emt 00:00:08]} 4. Nc3 {[%clk 01:31:30]} {[%emt 00:00:38]} e6
{[%clk 01:31:37]} {[%emt 00:00:28]} 5. g3 {[%clk 01:31:22]} {[%emt 00:00:37]}
Nbd7 {[%clk 01:31:05]} {[%emt 00:01:02]} 6. Bg2 {[%clk 01:31:36]} {[%emt
00:00:16]} Be7 {[%clk 01:31:22]} {[%emt 00:00:13]} 7. O-O {[%clk 01:31:46]}
{[%emt 00:00:20]} O-O {[%clk 01:31:47]} {[%emt 00:00:05]} 8. Qc2 {[%clk
01:30:04]} {[%emt 00:02:12]} c5 {[%clk 01:28:26]} {[%emt 00:03:51]} 9. cxd5
{[%clk 01:28:49]} {[%emt 00:01:46]} exd5 {[%clk 01:28:15]} {[%emt 00:00:40]}
10. Rd1 {[%clk 01:26:04]} {[%emt 00:03:14]} cxd4 {[%clk 01:21:32]} {[%emt
00:07:14]} 11. Nxd4 {[%clk 01:24:45]} {[%emt 00:01:48]} Nb6 {[%clk 01:20:31]}
{[%emt 00:01:32]} 12. b3 {[%clk 01:11:50]} {[%emt 00:13:26]} Bc5 {[%clk
01:14:06]} {[%emt 00:06:54]} 13. Bb2 {[%clk 01:08:19]} {[%emt 00:04:01]} Be6
{[%clk 01:05:05]} {[%emt 00:09:30]} 14. e3 {[%clk 00:58:05]} {[%emt 00:10:44]}
Bxd4 {[%clk 01:01:18]} {[%emt 00:04:18]} 15. Rxd4 {[%clk 00:57:23]} {[%emt
00:01:12]} Qc7 {[%clk 00:59:08]} {[%emt 00:02:40]} 16. Qd2 {[%clk 00:52:55]}
{[%emt 00:04:58]} Rfd8 {[%clk 00:57:46]} {[%emt 00:01:52]} 17. Rd1 {[%clk
00:45:11]} {[%emt 00:08:14]} Rd7 {[%clk 00:52:35]} {[%emt 00:05:40]} 18. a4
{[%clk 00:35:24]} {[%emt 00:10:18]} Rad8 {[%clk 00:42:25]} {[%emt 00:10:40]}
19. Nb5 {[%clk 00:32:07]} {[%emt 00:03:47]} Qb8 {[%clk 00:41:56]} {[%emt
00:00:59]} 20. a5 {[%clk 00:28:59]} {[%emt 00:03:39]} Nc8 {[%clk 00:41:19]}
{[%emt 00:01:07]} 21. Nc3 {[%clk 00:26:30]} {[%emt 00:02:58]} Ne7 {[%clk
00:40:50]} {[%emt 00:00:59]} 22. Ne2 {[%clk 00:21:46]} {[%emt 00:05:14]} Ne4
{[%clk 00:29:30]} {[%emt 00:11:50]} 23. Bxe4 {[%clk 00:20:29]} {[%emt
00:01:47]} dxe4 {[%clk 00:29:50]} {[%emt 00:00:10]} 24. Qc3 {[%clk 00:20:04]}
{[%emt 00:00:54]} f6 {[%clk 00:26:07]} {[%emt 00:04:14]} 25. Rxd7 {[%clk
00:17:04]} {[%emt 00:03:29]} Rxd7 {[%clk 00:26:16]} {[%emt 00:00:22]} 26. Rxd7
{[%clk 00:17:20]} {[%emt 00:00:14]} Bxd7 {[%clk 00:26:41]} {[%emt 00:00:05]}
27. Qc4+ {[%clk 00:17:22]} {[%emt 00:00:28]} Kh8 {[%clk 00:25:32]} {[%emt
00:01:39]} 28. Qxe4 {[%clk 00:17:33]} {[%emt 00:00:19]} Qd6 {[%clk 00:24:10]}
{[%emt 00:01:52]} 29. Qd4 {[%clk 00:13:14]} {[%emt 00:04:48]} Qxd4 {[%clk
00:21:08]} {[%emt 00:03:33]} 30. Bxd4 {[%clk 00:12:54]} {[%emt 00:00:49]} Nc6
{[%clk 00:19:31]} {[%emt 00:02:08]} 31. b4 {[%clk 00:12:53]} {[%emt 00:00:31]}
Nxb4 {[%clk 00:13:02]} {[%emt 00:06:59]} 32. Bxa7 {[%clk 00:13:11]} {[%emt
00:00:12]} Nc6 {[%clk 00:11:47]} {[%emt 00:01:46]} 33. Bb6 {[%clk 00:13:28]}
{[%emt 00:00:11]} Kg8 {[%clk 00:11:35]} {[%emt 00:00:43]} 34. f4 {[%clk
00:10:06]} {[%emt 00:03:52]} Kf7 {[%clk 00:08:50]} {[%emt 00:03:14]} 35. e4
{[%clk 00:07:34]} {[%emt 00:03:02]} g6 {[%clk 00:08:16]} {[%emt 00:01:04]} 36.
Kf2 {[%clk 00:07:08]} {[%emt 00:00:56]} Ke6 {[%emt 00:02:03]} 37. Ke3 {[%clk
00:06:11]} {[%emt 00:01:26]} Be8 {[%clk 00:04:23]} {[%emt 00:02:52]} 38. Nc1
{[%clk 00:04:27]} {[%emt 00:02:14]} Kd6 {[%clk 00:04:00]} {[%emt 00:00:53]} 39.
Na2 {[%clk 00:02:42]} {[%emt 00:02:15]} Bf7 {[%clk 00:03:47]} {[%emt 00:00:43]}
40. Nc3 {[%clk 00:02:47]} {[%emt 00:00:24]} Bc4 {[%clk 00:03:26]} {[%emt
00:00:51]} 41. Nd1 {[%clk 00:25:08]} {[%emt 00:08:09]} Nb8 {[%clk 00:31:48]}
{[%emt 00:02:08]} 42. Kd4 {[%clk 00:24:43]} {[%emt 00:00:56]} Bb3 {[%clk
00:28:43]} {[%emt 00:03:35]} 43. e5+ {[%clk 00:23:41]} {[%emt 00:01:32]} fxe5+
{[%clk 00:29:04]} {[%emt 00:00:08]} 44. fxe5+ {[%clk 00:24:02]} {[%emt
00:00:10]} Ke6 {[%clk 00:29:02]} {[%emt 00:00:32]} 45. Nc3 {[%clk 00:22:20]}
{[%emt 00:02:12]} Nc6+ {[%clk 00:28:37]} {[%emt 00:00:55]} 46. Ke4 {[%clk
00:22:10]} {[%emt 00:00:40]} Nxe5 {[%emt 00:06:43]} 1/2-1/2

[Event "ODJM B 2024"]
[Site "Willingen GER"]
[Date "2024.05.19"]
[Round "1"]
[White "Ottlik, Marie"]
[Black "Fischer, Lorenz"]
[Result "1/2-1/2"]
[Termination "normal"]
[Board "14"]
[WhiteElo "1640"]
[BlackElo "1714"]
[WhiteClock "00:09:55"]
[BlackClock "00:18:55"]
[PlyCount "60"]
[WhiteFideId "16281730"]
[BlackFideId "16296710"]
[EventCountry "GER"]
[EventRounds "9"]
[EventType "swiss"]
[EventDate "2024.05.18"]

1. e4 {[%clk 01:30:58]} {[%emt 00:00:02]} c5 {[%clk 01:30:56]} {[%emt
00:00:04]} 2. Nf3 {[%clk 01:31:24]} {[%emt 00:00:05]} Nc6 {[%clk 01:31:21]}
{[%emt 00:00:04]} 3. d4 {[%clk 01:31:48]} {[%emt 00:00:05]} cxd4 {[%clk
01:31:48]} {[%emt 00:00:04]} 4. Nxd4 {[%clk 01:32:13]} {[%emt 00:00:05]} g6
{[%clk 01:32:13]} {[%emt 00:00:05]} 5. c4 {[%clk 01:32:37]} {[%emt 00:00:06]}
Nf6 {[%clk 01:32:38]} {[%emt 00:00:05]} 6. Nc3 {[%clk 01:32:22]} {[%emt
00:00:44]} Nxd4 {[%clk 01:33:04]} {[%emt 00:00:05]} 7. Qxd4 {[%clk 01:31:34]}
{[%emt 00:01:18]} d6 {[%clk 01:33:28]} {[%emt 00:00:06]} 8. Be3 {[%clk
01:28:06]} {[%emt 00:03:56]} Bg7 {[%clk 01:29:17]} {[%emt 00:04:43]} 9. Be2
{[%clk 01:21:01]} {[%emt 00:07:34]} O-O {[%clk 01:28:59]} {[%emt 00:00:49]} 10.
Qd2 {[%clk 01:18:33]} {[%emt 00:02:57]} Be6 {[%clk 01:24:33]} {[%emt 00:04:56]}
11. Rc1 {[%clk 01:11:38]} {[%emt 00:07:24]} Qa5 {[%clk 01:23:34]} {[%emt
00:01:30]} 12. b3 {[%clk 01:05:15]} {[%emt 00:06:54]} Rfc8 {[%clk 01:19:46]}
{[%emt 00:04:18]} 13. O-O {[%clk 00:57:03]} {[%emt 00:08:42]} a6 {[%clk
01:14:39]} {[%emt 00:05:37]} 14. f3 {[%clk 00:48:27]} {[%emt 00:09:06]} b5
{[%clk 01:08:48]} {[%emt 00:06:21]} 15. Nd5 {[%clk 00:41:47]} {[%emt 00:07:10]}
Qxd2 {[%clk 01:08:21]} {[%emt 00:00:57]} 16. Bxd2 {[%clk 00:42:05]} {[%emt
00:00:12]} Nxd5 {[%clk 01:06:36]} {[%emt 00:02:15]} 17. cxd5 {[%clk 00:38:17]}
{[%emt 00:04:18]} Bd4+ {[%clk 01:04:58]} {[%emt 00:02:08]} 18. Kh1 {[%clk
00:35:40]} {[%emt 00:03:06]} Bd7 {[%clk 01:04:47]} {[%emt 00:00:42]} 19. Rxc8+
{[%clk 00:29:55]} {[%emt 00:06:15]} Rxc8 {[%clk 01:04:19]} {[%emt 00:00:58]}
20. Rc1 {[%clk 00:30:19]} {[%emt 00:00:05]} Rxc1+ {[%clk 01:00:33]} {[%emt
00:04:17]} 21. Bxc1 {[%clk 00:27:39]} {[%emt 00:03:09]} f5 {[%clk 00:55:33]}
{[%emt 00:05:30]} 22. Bg5 {[%clk 00:22:44]} {[%emt 00:05:24]} Kf7 {[%clk
00:55:54]} {[%emt 00:00:10]} 23. h3 {[%clk 00:19:45]} {[%emt 00:03:29]} a5
{[%clk 00:53:04]} {[%emt 00:03:20]} 24. Bd3 {[%clk 00:14:46]} {[%emt 00:05:29]}
fxe4 {[%clk 00:40:34]} {[%emt 00:13:00]} 25. fxe4 {[%clk 00:14:45]} {[%emt
00:00:31]} h5 {[%clk 00:39:29]} {[%emt 00:01:35]} 26. Kh2 {[%clk 00:13:19]}
{[%emt 00:01:56]} Bf2 {[%clk 00:34:16]} {[%emt 00:05:43]} 27. Kh1 {[%clk
00:11:31]} {[%emt 00:02:18]} b4 {[%clk 00:31:58]} {[%emt 00:02:49]} 28. Bc4
{[%clk 00:09:58]} {[%emt 00:02:02]} a4 {[%clk 00:26:53]} {[%emt 00:05:35]} 29.
Kh2 {[%clk 00:09:31]} {[%emt 00:00:56]} axb3 {[%clk 00:26:48]} {[%emt
00:00:36]} 30. axb3 {[%clk 00:09:55]} {[%emt 00:00:06]} Kf8 {[%clk 00:18:55]}
{[%emt 00:08:24]} 1/2-1/2

[Event "ODJM B 2024"]
[Site "Willingen GER"]
[Date "2024.05.19"]
[Round "1"]
[White "Lampe, Finn"]
[Black "Briese, Paul"]
[Result "1-0"]
[Termination "normal"]
[Board "15"]
[WhiteElo "1688"]
[BlackElo "1625"]
[WhiteClock "00:31:07"]
[BlackClock "00:29:27"]
[PlyCount "71"]
[WhiteFideId "34683437"]
[BlackFideId "16273826"]
[EventCountry "GER"]
[EventRounds "9"]
[EventType "swiss"]
[EventDate "2024.05.18"]

1. e4 {[%clk 01:30:54]} {[%emt 00:00:06]} e5 {[%clk 01:30:56]} {[%emt
00:00:04]} 2. d4 {[%clk 01:31:12]} {[%emt 00:00:11]} exd4 {[%clk 01:30:32]}
{[%emt 00:00:56]} 3. Qxd4 {[%clk 01:31:30]} {[%emt 00:00:12]} Nc6 {[%clk
01:30:21]} {[%emt 00:00:40]} 4. Qe3 {[%clk 01:31:35]} {[%emt 00:00:24]} Be7
{[%clk 01:29:49]} {[%emt 00:01:02]} 5. Nc3 {[%clk 01:29:48]} {[%emt 00:02:18]}
Nf6 {[%clk 01:29:36]} {[%emt 00:00:44]} 6. Bd2 {[%clk 01:30:01]} {[%emt
00:00:17]} d5 {[%clk 01:28:19]} {[%emt 00:01:47]} 7. exd5 {[%clk 01:30:10]}
{[%emt 00:00:21]} Nxd5 {[%clk 01:27:57]} {[%emt 00:00:52]} 8. Nxd5 {[%clk
01:30:06]} {[%emt 00:00:34]} Qxd5 {[%clk 01:28:16]} {[%emt 00:00:10]} 9. Ne2
{[%clk 01:30:26]} {[%emt 00:00:10]} Qe5 {[%clk 01:25:02]} {[%emt 00:03:44]} 10.
Qxe5 {[%clk 01:29:01]} {[%emt 00:01:55]} Nxe5 {[%clk 01:24:51]} {[%emt
00:00:42]} 11. O-O-O {[%clk 01:27:28]} {[%emt 00:02:03]} O-O {[%clk 01:14:49]}
{[%emt 00:10:31]} 12. Bf4 {[%clk 01:21:39]} {[%emt 00:06:18]} f6 {[%clk
01:10:31]} {[%emt 00:04:48]} 13. Nc3 {[%clk 01:17:36]} {[%emt 00:04:33]} a6
{[%clk 01:04:06]} {[%emt 00:06:56]} 14. Nd5 {[%clk 01:11:45]} {[%emt 00:06:20]}
Bd6 {[%clk 01:02:24]} {[%emt 00:02:13]} 15. Bg3 {[%clk 01:11:15]} {[%emt
00:01:00]} Be6 {[%clk 00:56:44]} {[%emt 00:06:11]} 16. c4 {[%clk 01:00:56]}
{[%emt 00:10:48]} b6 {[%clk 00:53:11]} {[%emt 00:04:02]} 17. Nxb6 {[%clk
00:57:53]} {[%emt 00:03:34]} cxb6 {[%clk 00:48:08]} {[%emt 00:05:33]} 18. Rxd6
{[%clk 00:58:07]} {[%emt 00:00:16]} Bxc4 {[%clk 00:48:05]} {[%emt 00:00:34]}
19. Bxe5 {[%clk 00:56:46]} {[%emt 00:01:51]} Bxf1 {[%clk 00:46:12]} {[%emt
00:02:22]} 20. Rxf1 {[%clk 00:56:30]} {[%emt 00:00:46]} fxe5 {[%clk 00:46:34]}
{[%emt 00:00:08]} 21. Rxb6 {[%clk 00:56:41]} {[%emt 00:00:20]} Rf6 {[%clk
00:42:52]} {[%emt 00:04:12]} 22. Rxf6 {[%clk 00:56:15]} {[%emt 00:00:55]} gxf6
{[%clk 00:43:21]} {[%emt 00:00:01]} 23. Rd1 {[%clk 00:56:14]} {[%emt 00:00:31]}
Kg7 {[%clk 00:43:19]} {[%emt 00:00:32]} 24. Rd3 {[%clk 00:51:33]} {[%emt
00:05:10]} h5 {[%clk 00:42:34]} {[%emt 00:01:16]} 25. Kc2 {[%clk 00:50:25]}
{[%emt 00:01:38]} Kh6 {[%clk 00:41:39]} {[%emt 00:01:24]} 26. Kb3 {[%clk
00:46:43]} {[%emt 00:04:13]} h4 {[%clk 00:39:12]} {[%emt 00:02:57]} 27. Ka4
{[%clk 00:45:17]} {[%emt 00:01:56]} Kg5 {[%clk 00:37:32]} {[%emt 00:02:10]} 28.
b4 {[%clk 00:42:26]} {[%emt 00:03:20]} Rc8 {[%clk 00:36:22]} {[%emt 00:01:41]}
29. Rd2 {[%clk 00:42:16]} {[%emt 00:00:41]} e4 {[%clk 00:34:12]} {[%emt
00:02:40]} 30. Ka5 {[%clk 00:40:19]} {[%emt 00:02:26]} Rc6 {[%clk 00:32:39]}
{[%emt 00:02:04]} 31. a4 {[%clk 00:39:44]} {[%emt 00:01:04]} h3 {[%clk
00:29:35]} {[%emt 00:03:34]} 32. gxh3 {[%clk 00:33:01]} {[%emt 00:07:13]} Kh4
{[%clk 00:29:49]} {[%emt 00:00:16]} 33. Re2 {[%clk 00:32:09]} {[%emt 00:01:21]}
Kxh3 {[%clk 00:29:18]} {[%emt 00:01:02]} 34. Rxe4 {[%clk 00:31:40]} {[%emt
00:01:00]} Kxh2 {[%clk 00:29:37]} {[%emt 00:00:10]} 35. b5 {[%clk 00:30:52]}
{[%emt 00:01:18]} axb5 {[%clk 00:29:27]} {[%emt 00:00:41]} 36. axb5 {[%clk
00:31:07]} {[%emt 00:00:15]} 1-0

[Event "ODJM B 2024"]
[Site "Willingen GER"]
[Date "2024.05.19"]
[Round "1"]
[White "Er, Sadik Bugra"]
[Black "Borgert, Alexander"]
[Result "0-1"]
[Termination "normal"]
[Board "16"]
[WhiteElo "1688"]
[BlackElo "1683"]
[WhiteClock "00:03:04"]
[BlackClock "00:14:34"]
[PlyCount "82"]
[WhiteFideId "34660410"]
[BlackFideId "16289188"]
[EventCountry "GER"]
[EventRounds "9"]
[EventType "swiss"]
[EventDate "2024.05.18"]

1. e4 {[%clk 01:30:43]} {[%emt 00:00:16]} c5 {[%clk 01:30:55]} {[%emt
00:00:05]} 2. Nf3 {[%clk 01:30:55]} {[%emt 00:00:18]} Nc6 {[%clk 01:31:19]}
{[%emt 00:00:06]} 3. d4 {[%clk 01:31:01]} {[%emt 00:00:24]} cxd4 {[%clk
01:31:44]} {[%emt 00:00:06]} 4. Nxd4 {[%clk 01:31:23]} {[%emt 00:00:06]} g6
{[%clk 01:32:04]} {[%emt 00:00:12]} 5. Nc3 {[%clk 01:27:42]} {[%emt 00:04:10]}
Bg7 {[%clk 01:32:26]} {[%emt 00:00:09]} 6. Be3 {[%clk 01:27:31]} {[%emt
00:00:40]} d6 {[%clk 01:32:20]} {[%emt 00:00:36]} 7. Qd2 {[%clk 01:27:43]}
{[%emt 00:00:19]} Bd7 {[%clk 01:32:23]} {[%emt 00:00:27]} 8. Bc4 {[%clk
01:26:23]} {[%emt 00:01:49]} a6 {[%clk 01:30:57]} {[%emt 00:01:56]} 9. Bb3
{[%clk 01:15:54]} {[%emt 00:10:59]} Nf6 {[%clk 01:30:37]} {[%emt 00:00:50]} 10.
f3 {[%clk 01:15:53]} {[%emt 00:00:31]} Rb8 {[%clk 01:27:36]} {[%emt 00:03:31]}
11. O-O-O {[%clk 01:04:13]} {[%emt 00:12:09]} b5 {[%clk 01:16:39]} {[%emt
00:11:28]} 12. Nxc6 {[%clk 00:52:10]} {[%emt 00:12:33]} Bxc6 {[%clk 01:16:46]}
{[%emt 00:00:23]} 13. Nd5 {[%clk 00:51:39]} {[%emt 00:01:01]} Bxd5 {[%clk
01:10:49]} {[%emt 00:06:27]} 14. exd5 {[%clk 00:51:39]} {[%emt 00:00:30]} Nd7
{[%clk 01:08:21]} {[%emt 00:02:57]} 15. Bh6 {[%clk 00:34:10]} {[%emt 00:18:00]}
O-O {[%clk 01:04:53]} {[%emt 00:03:58]} 16. c3 {[%clk 00:24:21]} {[%emt
00:10:19]} Nc5 {[%clk 00:59:45]} {[%emt 00:05:38]} 17. h4 {[%clk 00:19:14]}
{[%emt 00:05:37]} Bxh6 {[%clk 00:53:47]} {[%emt 00:06:29]} 18. Qxh6 {[%clk
00:19:05]} {[%emt 00:00:38]} Nxb3+ {[%clk 00:54:08]} {[%emt 00:00:10]} 19. axb3
{[%clk 00:19:30]} {[%emt 00:00:05]} f6 {[%clk 00:52:51]} {[%emt 00:01:46]} 20.
f4 {[%clk 00:17:49]} {[%emt 00:02:11]} Qc8 {[%clk 00:49:44]} {[%emt 00:03:35]}
21. Rde1 {[%clk 00:13:08]} {[%emt 00:05:12]} Rf7 {[%clk 00:46:56]} {[%emt
00:03:19]} 22. h5 {[%clk 00:10:50]} {[%emt 00:02:48]} Qg4 {[%clk 00:44:01]}
{[%emt 00:03:21]} 23. hxg6 {[%clk 00:11:01]} {[%emt 00:00:23]} Qxg6 {[%clk
00:44:15]} {[%emt 00:00:15]} 24. Qh3 {[%clk 00:10:35]} {[%emt 00:00:57]} Rg7
{[%clk 00:39:59]} {[%emt 00:04:46]} 25. Re3 {[%clk 00:07:25]} {[%emt 00:03:40]}
Qf7 {[%clk 00:37:31]} {[%emt 00:02:58]} 26. Qe6 {[%clk 00:05:22]} {[%emt
00:02:33]} Qxe6 {[%clk 00:34:28]} {[%emt 00:03:34]} 27. Rxe6 {[%clk 00:05:43]}
{[%emt 00:00:08]} Re8 {[%clk 00:33:57]} {[%emt 00:01:01]} 28. Rhe1 {[%clk
00:05:56]} {[%emt 00:00:17]} Kf7 {[%clk 00:27:38]} {[%emt 00:06:47]} 29. R1e2
{[%clk 00:06:08]} {[%emt 00:00:20]} Rg4 {[%clk 00:26:24]} {[%emt 00:01:43]} 30.
Rf2 {[%clk 00:04:31]} {[%emt 00:02:07]} h5 {[%clk 00:23:00]} {[%emt 00:03:55]}
31. Kd2 {[%clk 00:03:54]} {[%emt 00:01:07]} a5 {[%clk 00:17:19]} {[%emt
00:06:11]} 32. Ke3 {[%clk 00:02:41]} {[%emt 00:01:43]} Reg8 {[%clk 00:16:21]}
{[%emt 00:01:27]} 33. Kd3 {[%clk 00:01:12]} {[%emt 00:01:57]} Rxg2 {[%clk
00:15:40]} {[%emt 00:01:12]} 34. Rxg2 {[%clk 00:01:33]} {[%emt 00:00:11]} Rxg2
{[%clk 00:16:01]} {[%emt 00:00:09]} 35. Re2 {[%clk 00:01:59]} {[%emt 00:00:04]}
Rxe2 {[%clk 00:13:45]} {[%emt 00:02:45]} 36. Kxe2 {[%clk 00:02:26]} {[%emt
00:00:04]} e6 {[%clk 00:13:59]} {[%emt 00:00:16]} 37. c4 {[%clk 00:02:19]}
{[%emt 00:00:38]} bxc4 {[%clk 00:13:53]} {[%emt 00:00:35]} 38. bxc4 {[%clk
00:02:43]} {[%emt 00:00:06]} exd5 {[%clk 00:14:13]} {[%emt 00:00:10]} 39. cxd5
{[%clk 00:03:02]} {[%emt 00:00:12]} Kg6 {[%clk 00:14:00]} {[%emt 00:00:42]} 40.
Kf3 {[%clk 00:02:57]} {[%emt 00:00:35]} Kf5 {[%clk 00:14:16]} {[%emt 00:00:14]}
41. b3 {[%clk 00:03:04]} {[%emt 00:00:23]} h4 {[%clk 00:14:34]} {[%emt
00:00:12]} 0-1

[Event "ODJM B 2024"]
[Site "Willingen GER"]
[Date "2024.05.19"]
[Round "1"]
[White "Wildermuth, Nikolas Karl"]
[Black "Claussen, Alexander"]
[Result "1-0"]
[Termination "normal"]
[Board "17"]
[WhiteElo "1777"]
[BlackElo "1595"]
[WhiteClock "01:06:14"]
[BlackClock "00:55:53"]
[PlyCount "37"]
[WhiteFideId "16244699"]
[BlackFideId "16248910"]
[EventCountry "GER"]
[EventRounds "9"]
[EventType "swiss"]
[EventDate "2024.05.18"]

1. e4 {[%clk 01:30:56]} {[%emt 00:00:04]} e6 {[%clk 01:30:53]} {[%emt
00:00:07]} 2. b3 {[%clk 01:30:25]} {[%emt 00:01:02]} b6 {[%clk 01:30:57]}
{[%emt 00:00:27]} 3. g3 {[%clk 01:28:18]} {[%emt 00:02:36]} Bb7 {[%clk
01:31:07]} {[%emt 00:00:20]} 4. Bg2 {[%clk 01:28:37]} {[%emt 00:00:10]} Nf6
{[%clk 01:30:09]} {[%emt 00:01:28]} 5. Nc3 {[%clk 01:28:22]} {[%emt 00:00:45]}
Bb4 {[%clk 01:28:24]} {[%emt 00:02:16]} 6. Nge2 {[%clk 01:27:54]} {[%emt
00:00:57]} d5 {[%clk 01:27:39]} {[%emt 00:01:16]} 7. exd5 {[%clk 01:25:40]}
{[%emt 00:02:44]} Nxd5 {[%clk 01:27:45]} {[%emt 00:00:23]} 8. Nxd5 {[%clk
01:24:50]} {[%emt 00:01:21]} Bxd5 {[%clk 01:28:05]} {[%emt 00:00:10]} 9. O-O
{[%clk 01:24:15]} {[%emt 00:01:05]} Bxg2 {[%clk 01:14:46]} {[%emt 00:13:49]}
10. Kxg2 {[%clk 01:24:36]} {[%emt 00:00:08]} Nd7 {[%clk 01:15:07]} {[%emt
00:00:10]} 11. Bb2 {[%clk 01:20:42]} {[%emt 00:04:23]} Nf6 {[%clk 01:14:26]}
{[%emt 00:01:12]} 12. Nc3 {[%clk 01:20:15]} {[%emt 00:00:56]} O-O {[%clk
01:08:17]} {[%emt 00:06:40]} 13. Qe2 {[%clk 01:17:14]} {[%emt 00:03:30]} Qd7
{[%clk 01:07:03]} {[%emt 00:01:45]} 14. Kg1 {[%clk 01:14:45]} {[%emt 00:02:58]}
Rad8 {[%clk 01:06:44]} {[%emt 00:00:50]} 15. Rad1 {[%clk 01:13:05]} {[%emt
00:02:10]} Rfe8 {[%clk 01:06:33]} {[%emt 00:00:40]} 16. d3 {[%clk 01:11:21]}
{[%emt 00:02:15]} Qd4 {[%clk 01:00:30]} {[%emt 00:06:33]} 17. Na4 {[%clk
01:05:46]} {[%emt 00:06:05]} Qd5 {[%clk 00:55:33]} {[%emt 00:05:26]} 18. Bxf6
{[%clk 01:05:52]} {[%emt 00:00:24]} gxf6 {[%clk 00:55:53]} {[%emt 00:00:10]}
19. Qg4+ {[%clk 01:06:14]} {[%emt 00:00:08]} 1-0

[Event "ODJM B 2024"]
[Site "Willingen GER"]
[Date "2024.05.19"]
[Round "1"]
[White "Fettig, Konrad"]
[Black "Seifert, Hendrik"]
[Result "0-1"]
[Termination "normal"]
[Board "18"]
[WhiteElo "1744"]
[BlackElo "1748"]
[WhiteClock "00:52:07"]
[BlackClock "00:10:47"]
[PlyCount "54"]
[WhiteFideId "34622888"]
[BlackFideId "16241193"]
[EventCountry "GER"]
[EventRounds "9"]
[EventType "swiss"]
[EventDate "2024.05.18"]

1. e4 {[%clk 01:30:56]} {[%emt 00:00:03]} e5 {[%clk 01:30:55]} {[%emt
00:00:05]} 2. Nf3 {[%clk 01:31:21]} {[%emt 00:00:05]} Nc6 {[%clk 01:31:20]}
{[%emt 00:00:06]} 3. Bc4 {[%clk 01:31:48]} {[%emt 00:00:03]} Nf6 {[%clk
01:31:44]} {[%emt 00:00:06]} 4. d3 {[%clk 01:32:00]} {[%emt 00:00:18]} h6
{[%clk 01:30:15]} {[%emt 00:01:58]} 5. Be3 {[%clk 01:31:35]} {[%emt 00:00:56]}
d6 {[%clk 01:28:24]} {[%emt 00:02:20]} 6. c3 {[%clk 01:29:23]} {[%emt
00:02:42]} Be7 {[%clk 01:24:10]} {[%emt 00:04:44]} 7. Nbd2 {[%clk 01:28:23]}
{[%emt 00:01:31]} Be6 {[%clk 01:18:19]} {[%emt 00:06:21]} 8. Bxe6 {[%clk
01:26:10]} {[%emt 00:02:43]} fxe6 {[%clk 01:18:42]} {[%emt 00:00:06]} 9. d4
{[%clk 01:21:47]} {[%emt 00:04:54]} exd4 {[%clk 01:16:18]} {[%emt 00:02:53]}
10. Nxd4 {[%clk 01:18:33]} {[%emt 00:03:45]} Nxd4 {[%clk 01:04:01]} {[%emt
00:12:47]} 11. cxd4 {[%clk 01:16:05]} {[%emt 00:02:58]} O-O {[%clk 00:59:01]}
{[%emt 00:05:28]} 12. O-O {[%clk 01:15:05]} {[%emt 00:01:31]} Qd7 {[%clk
00:53:44]} {[%emt 00:05:48]} 13. e5 {[%clk 01:12:29]} {[%emt 00:03:05]} dxe5
{[%clk 00:47:30]} {[%emt 00:06:45]} 14. dxe5 {[%clk 01:12:37]} {[%emt
00:00:22]} Nd5 {[%clk 00:47:40]} {[%emt 00:00:18]} 15. Ne4 {[%clk 01:06:57]}
{[%emt 00:06:11]} Rad8 {[%clk 00:35:13]} {[%emt 00:12:57]} 16. Bc1 {[%clk
01:03:27]} {[%emt 00:04:01]} Kh8 {[%clk 00:30:55]} {[%emt 00:04:49]} 17. g4
{[%clk 01:00:11]} {[%emt 00:03:46]} Qc6 {[%clk 00:24:01]} {[%emt 00:07:23]} 18.
Qe2 {[%clk 00:59:15]} {[%emt 00:01:27]} Nf4 {[%clk 00:23:15]} {[%emt 00:01:14]}
19. Bxf4 {[%clk 00:57:22]} {[%emt 00:02:24]} Rxf4 {[%clk 00:23:22]} {[%emt
00:00:23]} 20. Nc3 {[%clk 00:52:31]} {[%emt 00:05:21]} Rd2 {[%clk 00:15:07]}
{[%emt 00:08:44]} 21. h3 {[%clk 00:51:01]} {[%emt 00:02:01]} Rxe2 {[%clk
00:15:24]} {[%emt 00:00:12]} 22. Nxe2 {[%clk 00:51:21]} {[%emt 00:00:11]} Re4
{[%clk 00:14:24]} {[%emt 00:01:30]} 23. Rac1 {[%clk 00:51:08]} {[%emt
00:00:42]} Rc4 {[%clk 00:13:59]} {[%emt 00:00:56]} 24. Nd4 {[%clk 00:51:11]}
{[%emt 00:00:28]} Qd5 {[%clk 00:11:24]} {[%emt 00:03:04]} 25. Rxc4 {[%clk
00:51:28]} {[%emt 00:00:13]} Qxc4 {[%clk 00:11:38]} {[%emt 00:00:16]} 26. Rd1
{[%clk 00:51:53]} {[%emt 00:00:05]} Qd5 {[%clk 00:11:12]} {[%emt 00:00:55]} 27.
Rd2 {[%clk 00:52:07]} {[%emt 00:00:17]} Bb4 {[%clk 00:10:47]} {[%emt 00:00:54]}
0-1